| 000 | 00824nam a22002417a 4500 | ||
|---|---|---|---|
| 999 |
_c159280 _d159280 |
||
| 003 | dpl | ||
| 005 | 20181212145205.0 | ||
| 008 | 181212b ||||| |||| 00| 0 eng d | ||
| 010 | _aB-100176 | ||
| 020 | _c110.00 | ||
| 035 | _aB-100176 | ||
| 037 | _bBPPD/PUB | ||
| 040 |
_aDPL _bEN _c0 |
||
| 082 |
_a331.124 _bGHO |
||
| 100 |
_aGhose, Jayanti _98545 |
||
| 245 |
_aA handbook of jobs and careers / _cby Jayanti Ghose |
||
| 260 |
_aNew Delhi _bDirector, Publications Division _c2003 |
||
| 270 |
_aMinistry of Information & Broadcasting, Government of India, Patiala House _bNew Delhi _e110001 |
||
| 300 |
_a362p. _c23cm(pbk) |
||
| 650 |
_aEducation in india _98546 |
||
| 650 |
_aUniversity and higher education _98547 |
||
| 942 |
_2ddc _cEN _h331.124 _mGHO |
||